| 000 | 00493nam a2200169Ia 4500 | ||
|---|---|---|---|
| 003 | GCL | ||
| 008 | 140319s9999 xx 000 0 eng d | ||
| 040 |
_aGCL / _cGCL |
||
| 082 | 0 | 4 |
_a332.6324 _bT H |
| 100 | 1 | _aTAPPAN, WILLIAM | |
| 245 | 1 | 0 |
_aHANDBOOK FOR THE FINANCIAL ANALYSIS OF REAL ESTATE INVESTMENTS / _cTAPPAN, WILLIAM |
| 260 |
_a[S.N] : _bMC GRAW - HILL ، _c1993 |
||
| 300 | _a343 P | ||
| 650 | 0 | 4 | _aREAL ESTATE INVESTMENT, EVALUA |
| 650 | 0 | 4 | _aINVESTMENT ANALYSIS |
| 942 |
_2ddc _cBK |
||
| 999 |
_c20704 _d20704 |
||